Online
Catalog
Normal view MARC view

Entry Nombre corporativo

Number of records used in: 1

001 - NÚMERO DE CONTROL

  • campo de control: 86899

003 - IDENTIFICADOR DEL NÚMERO DE CONTROL

  • campo de control: DO-SdBNP

005 - FECHA Y HORA DE LA ÚLTIMA TRANSACCIÓN

  • campo de control: 20250120111838.0

008 - DATOS DE LONGITUD FIJA

  • campo de control de longitud fija: 250120|| aca||aabn | a|a d

040 ## - FUENTE DE LA CATALOGACIÓN

  • Centro catalogador/agencia de origen: DO-SdBNP

110 ## - ENCABEZAMIENTO-NOMBRE DE ENTIDAD CORPORATIVA

  • Nombre de entidad corporativa o nombre de jurisdicción como elemento de entrada: Unión Médica del Norte
  • Sede del congreso/Lugar de la reunión: Santiago de los Caballeros, República Dominicana

370 ## - LUGAR ASOCIADO

  • Lugar de residencia/sede: Santiago de los Caballeros, República Dominicana

678 ## - DATOS BIOGRÁFICOS O HISTÓRICOS

  • Datos biográficos o históricos: La formación de la Unión Médica empieza a gestarse en 1994 cuando un grupo de jóvenes médicos se hacen a la idea de que Santiago necesitaba algo distinto a lo que tenía, este proyecto empieza a tener operación el 25 de Junio de 1997. La misión de esta empresa es satisfacer los servicios de salud requeridos por los usuarios bajo la tutela de profesionales médicos con la mayor eficacia posible. La revista es la publicación oficial de investigación en salud con sede en la Clínica Universitaria Unión Médica, fundada el 23 de febrero del año 2022, por la Dra. Natalia García, Neumóloga-Fibrobroncospista y el Dr. Fausto Hernández, Cirujano-Urologo. Este proyecto tiene su visión puesta en el futuro usando la mejor tecnología para satisfacer a los pacientes con su calidad de servicio.

Powered by Koha